Arvaa joululaulu #5 - Statistics

Yleistilastot
  • Tätä visaa on pelattu 97 kertaa
  • Keskiarvotulos 5 / 15
Vastaustilastot
Hint Vastaus % Oikein
Kiitetty Daavidin poika / joka tulee Herran nimeen Hoosianna
87%
Mä suuren ilon ilmoitan / maan kansoille nyt tulevan Enkeli taivaan
83%
Valkoinen maa / lunta sataa / tässä mä seison takki auki taas / tämä vuosi, joitain suosi enemmän Joulun kanssas jaan
58%
Sinä ja minä / sinä ja minä Porsaita äidin
52%
Taivainen kirkkaus / riemuisa julistus / kynttilät syttyy Pyhä Lucia
37%
Se kaikille juhlamielen / hyvän tahdon nyt tuo Taas toivotus hyvän joulun
37%
Keskellä suurten hankien / muistan joulun aikaa / se kuinka saikaan / mun taas taakse vuosien Valkea joulu
33%
Pirtti on jo pesty puhtoinen / piha valkoluminen / lapsoset hyörii, juoksee ja huiskii Jouluaatto on nyt herttainen
20%
Katso Jumalan maailmaa / katso kauneutta / Täällä jaksat sä vaeltaa / täällä on rakkautta Jouluaamuna
14%
Seimen luo nyt astuu vieraat nuo / ja uhrilahjat kalliit kaikki sinne kantaa Kolmen kuninkaan marssi
13%
On kinkku tilaamatta vielä ehkä ehdin tehdä sen / Joulutähtikin on ostettava kuusehen Mistä tuntee joulun
13%
Joulu tullessaan tekee taikojaan / on kuin vuosia ei olis ollutkaan / poikki pihamaan kuljen uudestaan / askel kevyt kuin viisivuotiaan Jouluna taas lapsi olla saan
10%
On niin paljon riitaa kademieltä / toinen toistaan vastaan kapinoi Rauhan kellot
7%
Se on yksi haaveistani / että voisin joulun sanoman säilyttää / Taakse jäsi tarpeeton Muista rakkaitani
5%
On kuin oisin lapsi ristiriidaton / jää vain tyyni tyytyväisyys Yö on kuulas
1%
Ehtoja vastaavia visoja ei löytynyt
Tulosjakauma
Jokaisen tuloksen saaneiden osuus
Persentiili vastausten määrän mukaan
Tuloshistoriasi
Et ole pelannut tätä visaa